Quizzes
Events
Quiz Creation
Community
Videos
Private Events
Remove Ads
Sign In
Join for FREE
Feedback
Dark Mode
Quiz Categories
Sports
Geography
Music
Movies
Television
Just For Fun
Miscellaneous
History
Literature
Language
Science
Gaming
Entertainment
Religion
Holiday
For Kids
Quiz Lab
Recent
Popular Today
Quiz Kudos Today
Editor Picks
Curator Picks
Quizzes by...
Day
Popularity
Type
Ratings
Length
Year
Community
Subscriptions
Recent Discussions
Orange Saloon
Badges
Playlists
Quests
Create
Leaderboards
Showdown
Live 5
Trivia Bingo
Activity
Puzzle Library
Sporcle Events
Private Events
Virtual Trivia
Globe League
Become a Host
Pub Owners
SporcleCon
Opinionation
Our Games
Videos
Blog
Mobile Apps
Partnerships
Remove Ads and Go Orange
Feedback
Entertainment
Celebrity
Famous
Musical
Broadway
Show
Quote
Comic Books
Anime
Superhero
DC Comics
Marvel
Cartoons
Animation
Entertainment
Celebrity
Famous
Musical
Broadway
Show
Quote
Comic Books
Anime
Superhero
DC Comics
Marvel
Cartoons
Animation
Random Quiz
Search Sporcle
×
Quiz Lab
Quiz Lab
Entertainment
Rap
Type in answers that appear in a list
Type in answers that appear in a list
Classic
Best Score? Go Orange.
Epic Rap Battles of History 14-16 People Stats
Can you name the Epic Rap Battles of History 14-17 People?
By
Momo101
2m
6 Questions
147 Plays
147 Plays
147 Plays
Comments
Comments
Give Quiz Kudos
Give Quiz Kudos
-
- Ratings
hide this ad
Replay
Link that replays current quiz
Next Quiz
Link to next quiz in quiz playlist
You Got
0%
They Got
Avg Score
90%
Avg Friend Score
Upgrade to see
Score Distribution
Jump to the score distribution portion of the page
Score
0/6
Timer
02:00
0
Plays Today
Battle #
Character
% Correct
Battle #15
Nice Peter
95.2%
Battle #16-
ROUND 2
Darth Vader
95.2%
Battle #16-
ROUND 2
Adolf Hitler
91.2%
Battle #15
Epic Lloyd
90.5%
Battle #14
Captain Kirk
88.4%
Battle #14
Christopher Columbus
81%
Quiz Playlist
Details
Report
Send in Message
Add To Playlist
Classic:
Type in answers that appear in a list
Last Updated: Feb 16, 2017
Quiz Scoreboard
CHALLENGE
Sign Up to Join the Scoreboard
Show All
Scores
Hide
Comments
May contain spoilers
Recently Published
Presidents Visiting Landmarks
by Hejman
History
7m
An Introduction to Baseball
by treessimontrees
Sports
5m
Movies - When Are They Set?
by FPL_Elf
Movies
5m
More to Explore
Quiz From the Vault
Featured Blog Post
Where Did the Easter Bunny Come From?
hide this ad
You Might Also Like...
Tags
Rap Quiz
War Quiz
battle
Battle Arena
epic
epica
Epic Weapons
History Core
Rap Artists
Rap Crew
Today's Top Quizzes in Entertainment
Browse Entertainment
hide this ad
Today's Top Quizzes in Rap
Browse Rap
Top Contributed Quizzes in Entertainment
1
7-to-1: DC Comics Villains
2
Kamen Rider Motifs
3
Dragon Ball Z: Goku's Fights in Order
4
Marvel Characters Bunker
5
Eurovision 2023 Logic Puzzle
6
Dragon Ball Z: Mega Character Search
7
Criteria Quickie: Cartoon Taxonomy II
8
Fictional Villains Letter U Blitz
9
Sorting Pictures: Villains
10
Who Wants to Be a Millionaire: Anime Edition
Explore More
Trending Topics
Kpop
Crossword
Marvel
Disney
Anime
NBA
Harry Potter
The Office
Pokémon
Country
NFL
Puzzle
Soccer
Song
WWE
hide this ad
More By:
Momo101
Quiz
Plays
Rating
Category
Featured
Created
State Capitals
8,657
3.00
Geography
Sep 12, 2012
Adventure Time Theme Song Lyrics
8,297
3.30
Television
Sep 23, 2011
Regular Show Trivia Quiz
3,888
3.67
Television
Jan 7, 2012
Regular Show Quotes
1,059
2.50
Television
Sep 19, 2011
Adventure Time Theme Song Lyrics-Fionna and Cake Version
414
2.00
Television
Dec 8, 2011
Go to Creator's Profile
Score Distribution
Quiz Creator Spotlight
Momo101
Follow
Send a Message
Quizzes Created
-
Created Quiz Play Count
-
More By This Creator
Popular Quizzes Today
1
Find the US States - No Outlines Minefield
2
Find the Countries of Europe - No Outlines Minefield
3
The Countries of the World
4
Find the US States
5
Popular People in 1961
6
US States
7
Risky Map Clicking: Biggest States A-Z
8
1-10 Letter E Words III
More Entertainment Quizzes
Anime Wind Users
Quiz Lab
Trending Quizzes
Risky Map Clicking: Least Populous States A-Z
1-10 Letter G Words
1-10 Letter F Words
One Thing in Common: United Kingdom
Risky Map Clicking: Next State Alphabetically
Recently Updated
Leaping Animals
pecheneg
Reality TV Shows (A-Z)
bhenderson79
Rickey Henderson's Hall of Fame Teammates
pecheneg
Champions League XIs: Arsenal
pecheneg
Quick Pick: Celebrities in WWE's Hall of Fame
aduchscher
A-Z Keypad Blitz II
pecheneg
Multiple Oscar Actors
pecheneg
Mystery Phrase Blitz: Oscar 'Best Actors'
pecheneg
F. Scott Fitzgerald Novels
LTH
Pick 3 Villains
ddd62291
Trending Topics
Harry Potter
NBA
Disney
Kpop
Crossword
Anime
Marvel
The Office
WWE
Pokémon
Soccer
Song
NFL
Puzzle
Country
Your Account Isn't Verified!
In order to create a playlist on Sporcle, you need to verify the email address you used during registration. Go to your
Sporcle Settings
to finish the process.
Report this User
Report this user for behavior that violates our
Community Guidelines
.
Details:
Send Report
Go to the Sporcle.com Mobile Site →
Comments